banner-ar

الالكترونيات المعاصرة / (Record no. 67065)

MARC details
000 -الفاتح
حقل البيانات ثابتة الطول 00757nam a22002177a 4500
005 - وقت وتاريخ اخر تعامل مع التسجيلة
رقم الضبط 20240530110954.0
008 - عناصر البيانات ثابتة الطول - معلومات عامة
حقل البيانات ثابتة الطول 221204s2004 au a f b 000 0 eng d
017 ## - رقم الايداع القانونى
رقم الايداع القانونى 2004/9/2384
040 ## - مصدر الفهرسة
وكالة الفهرسة الأصلية EG-CaGPL
وكالة النسخ EG-CaGPL
082 04 - رقم تصنيف ديوى العشرى
رقم الطبعة 21
رقم التصنيف 621.381
رقم المادة ى ا
100 0# - المدخل الرئيسى - إسم شخصى
الإسم الشخصى ياسين احمد الشبول
245 10 - بيان العنوان
العنوان الالكترونيات المعاصرة /
بيان المسئوليه,etc تاليف ياسين احمد الشبول
250 ## - بيان الطبعة
بيان الطبعة ط.1
260 ## - PUBLICATION, DISTRIBUTION, ETC. (IMPRINT)
تاريخ النشر أو التوزيع 2004
300 ## - الوصف المادى
التعداد 616 ص. ؛
أبعاد الوعاء 24 سم.
650 07 - المدخل الاضافى بالموضوع-مصطلح موضوعى
مصطلح موضوعي الالكترونيات
651 ## - المدخل الاضافى بالموضوع - اسم جغرافى
الاسم الجغرافي الالكترونات
700 ## - المدخل الاضافى - اسم شخصى
الإسم الشخصى ياسين احمد الشبول
942 ## - عناصر المدخل الإضافي( كوها)
مصدر التصنيف او مخطط الترفيف Dewey Decimal Classification
Koha [default] item type كتاب
260 ## - PUBLICATION, DISTRIBUTION, ETC. (IMPRINT)
-- عمان :
-- مكتبة المجتمع العربى للنشر والتوزيع،
Holdings
حالة التراجع حالة الفقد حالة تلف ليس للاعارة المكان المؤقت الموقع الحالى موقع الترفيف تاريخ الاكتساب اجمالي اﻻعارات رقم الطلب الباركود تاريخ اخر مشاهدة تاريخ تفعيل السعر نوع وعاء كوها
        مكتبة القاهرة الكبرى مكتبة القاهرة الكبرى قاعة العلوم التطبيقية_ك عربى 12/21/2022   621.381 ى ا 169090 12/21/2022 12/21/2022 كتاب
        مكتبة القاهرة الكبرى مكتبة القاهرة الكبرى   12/21/2022   621.381 ى ا 169095 12/21/2022 12/21/2022 كتاب

Powered By

EGPV